Working with words : (رقم التسجيلة. 39886)
[ عرض عادي ]
| 000 -الفاتح | |
|---|---|
| حقل البيانات ثابتة الطول | 02238cam a2200433 a 4500 |
| 001 - رقم الضبط | |
| رقم الضبط | 13559852 |
| 003 - محدد رقم الضبط | |
| رقم الضبط | OSt |
| 005 - وقت وتاريخ اخر تعامل مع التسجيلة | |
| رقم الضبط | 20161204091614.0 |
| 008 - عناصر البيانات ثابتة الطول - معلومات عامة | |
| حقل البيانات ثابتة الطول | 851206s1986 enka b 001 0 eng |
| 015 ## - رقم الببليوجرافية الوطنية | |
| رقم الببليوجرافية الوطنية | GB8603540 |
| المصدر | bnb |
| 020 ## - الرقم الدولى المعيارى للكتب | |
| الرقم الدولى المعيارى للكتاب | 0521268893 |
| 020 ## - الرقم الدولى المعيارى للكتب | |
| الرقم الدولى المعيارى للكتاب | 9780521268899 |
| 020 ## - الرقم الدولى المعيارى للكتب | |
| الرقم الدولى المعيارى للكتاب | 0521317096 |
| Qualifying information | (pbk.) |
| 020 ## - الرقم الدولى المعيارى للكتب | |
| الرقم الدولى المعيارى للكتاب | 9780521317092 |
| 035 ## - رقم ضبط النظام | |
| رقم ضبط النظام | (OCoLC)13559852 |
| رقم الضبط الملغى والمتاح | (OCoLC)13062393 |
| 040 ## - مصدر الفهرسة | |
| وكالة الفهرسة الأصلية | DLC |
| لغة الفهرسة | eng |
| وكالة النسخ | DLC |
| وكالة التعديل | UKM |
| -- | NLGGC |
| -- | BAKER |
| -- | YDXCP |
| -- | BTCTA |
| -- | LVB |
| -- | DEBBG |
| -- | UWW |
| -- | OCLCQ |
| -- | BDX |
| -- | GBVCP |
| -- | OCLCF |
| -- | OCLCO |
| -- | ZWZ |
| -- | OCLCQ |
| -- | OCLCO |
| -- | OCLCQ |
| -- | OCLCO |
| -- | UtOrBLW |
| 050 00 - رقم طلب مكتبة الكونجرس | |
| رقم التصنيف | LB1576 |
| رقم المادة | .G28 1986 |
| 082 00 - رقم تصنيف ديوى العشرى | |
| رقم التصنيف | 418.007 |
| رقم الطبعة | 22 |
| رقم المادة | GRW |
| 100 1# - المدخل الرئيسى - إسم شخصى | |
| الإسم الشخصى | Gairns, Ruth |
| 9 (RLIN) | 56917 |
| 245 10 - بيان العنوان | |
| العنوان | Working with words : |
| بقية العنوان | a guide to teaching and learning vocabulary / |
| بيان المسئوليه,etc | Ruth Gairns and Stuart Redman |
| 300 ## - الوصف المادى | |
| التعداد | viii, 200 pages : |
| تفاصيل ماديه اخرى للوعاء | illustrations ; |
| أبعاد الوعاء | 24 cm |
| 490 1# - بيان السلسلة | |
| عنوان السلسلة | Cambridge handbooks for language teachers |
| 504 ## - تبصرة ببليوجرافية | |
| تبصرة ببليوجرافية,الخ | Includes bibliographical references (pages 196-198) and index |
| 505 0# - تبصرة محتويات-الفهرس | |
| تبصرة المحتويات المصاغة | Language awareness activities -- Words and their meanings -- Words and their forms -- Decisions about content -- How the learner discovers meaning -- Memory and written storage -- Using visual aids -- Using authentic reading texts -- Teacher designed contexts and the use of the dictionary -- Speaking activities -- Games, questionnaires and problem solving -- Vocabulary in course books |
| 650 #0 - المدخل الاضافى بالموضوع-مصطلح موضوعى | |
| مصطلح موضوعي أو اسم جغرافي كعنصر مدخل | Vocabulary |
| التقسيم الفرعي العام | Study and teaching |
| 9 (RLIN) | 56918 |
| 650 #0 - المدخل الاضافى بالموضوع-مصطلح موضوعى | |
| مصطلح موضوعي أو اسم جغرافي كعنصر مدخل | Teachers |
| التقسيم الفرعي العام | Language |
| 9 (RLIN) | 56919 |
| 650 #0 - المدخل الاضافى بالموضوع-مصطلح موضوعى | |
| مصطلح موضوعي أو اسم جغرافي كعنصر مدخل | Teaching |
| التقسيم الفرعي الشكلي | Terminology |
| 9 (RLIN) | 56920 |
| 650 #0 - المدخل الاضافى بالموضوع-مصطلح موضوعى | |
| مصطلح موضوعي أو اسم جغرافي كعنصر مدخل | English language |
| التقسيم الفرعي العام | Semantics |
| 9 (RLIN) | 56921 |
| 650 #4 - المدخل الاضافى بالموضوع-مصطلح موضوعى | |
| مصطلح موضوعي أو اسم جغرافي كعنصر مدخل | Anglais (Langue) - S©♭mantique |
| 9 (RLIN) | 56922 |
| 650 #4 - المدخل الاضافى بالموضوع-مصطلح موضوعى | |
| مصطلح موضوعي أو اسم جغرافي كعنصر مدخل | Anglais (Langue) - Vocabulaire - ©tude et enseignement |
| 9 (RLIN) | 56923 |
| 650 #4 - المدخل الاضافى بالموضوع-مصطلح موضوعى | |
| مصطلح موضوعي أو اسم جغرافي كعنصر مدخل | Enseignants - Langage |
| 9 (RLIN) | 56924 |
| 650 #4 - المدخل الاضافى بالموضوع-مصطلح موضوعى | |
| مصطلح موضوعي أو اسم جغرافي كعنصر مدخل | Enseignement - Terminologie |
| 9 (RLIN) | 56925 |
| 653 ## - مصطلح تكشيفى غير مقيد | |
| مصطلح غير مقيد | Educational institutions |
| -- | Non-English speaking students |
| -- | Curriculum subjects: English language |
| -- | Vocabulary |
| -- | Teaching |
| 655 #7 - مصطلح تكشيفى-نوع/شكل | |
| بيانات النوع/ الشكل أو المصطلح الأساسي | Terminology. |
| مصدر المصطلح | fast |
| 9 (RLIN) | 56926 |
| 700 1# - المدخل الاضافى - اسم شخصى | |
| الإسم الشخصى | Redman, Stuart |
| 9 (RLIN) | 34387 |
| 776 08 - مدخل الشكل المادى الاضافى | |
| نص العرض | Online version: |
| رأس المدخل الرئيسي | Gairns, Ruth. |
| العنوان | Working with words. |
| الناشر و مكان و تاريخ النشر | Cambridge [Cambridgeshire] ; New York : Cambridge University Press, 1986 |
| رقم ضبط التسجيلة | (OCoLC)801245790 |
| 830 #0 - المدخل الاضافى بالسلسلة -عنوان موحد | |
| عنوان موحد | Cambridge handbooks for language teachers |
| 9 (RLIN) | 56864 |
| 942 ## - عناصر المدخل الإضافي( كوها) | |
| مصدر التصنيف او مخطط الترفيف | Dewey Decimal Classification |
| Koha [default] item type | كتاب |
| حالة الفقد | نموذج السعر الفعال | حالة تلف | ليس للاعارة | رقم الطلب | تاريخ الاكتساب | الموقع الحالي | الباركود | الفرع الرئيسي | Date last seen | نوع المادة فى نظام كوها | مصدر التصنيف او خطة الترفيف | Total Checkouts |
|---|---|---|---|---|---|---|---|---|---|---|---|---|
| 2016-12-15 | 418.007 GRW | 2016-12-15 | المكتبة المركزية بالمجمعة (CL) | 00655151 | المكتبة المركزية بالمجمعة (CL) | 2016-12-15 | كتاب | Dewey Decimal Classification | ||||
| 2016-12-15 | 418.007 GRW | 2016-12-15 | المكتبة المركزية بالمجمعة (CL) | 00655153 | المكتبة المركزية بالمجمعة (CL) | 2016-12-15 | كتاب | Dewey Decimal Classification | ||||
| 2016-12-15 | 418.007 GRW | 2016-12-15 | كلية الشريعة والقانون - طالبات | 00655152 | كلية الشريعة والقانون - طالبات | 2016-12-15 | كتاب | Dewey Decimal Classification | ||||
| 2016-12-17 | 418.007 GRW | 2016-12-17 | مكتبة كلية التمريض - طلاب (CNM) | 00655583 | مكتبة كلية التمريض - طلاب (CNM) | 2016-12-17 | كتاب | Dewey Decimal Classification | ||||
| 2016-12-17 | 418.007 GRW | 2016-12-17 | مكتبة كلية التمريض - طلاب (CNM) | 00655584 | مكتبة كلية التمريض - طلاب (CNM) | 2016-12-17 | كتاب | Dewey Decimal Classification |
